00767nam a22001575i 4500001000700000003000900007005001700016008004100033040002000074100003000094245023500124260006200359300002200421650002200443852014400465164242ES-MaACL20250801201903.0050728s1879 sz | |||||||| ||fre d aCAM bspa cCAM1 aSabio del Valle, Segundo.13aLa controverse pélagienne b: étude historico-criitique présentée à la Faculté de théologie de l'Eglise libre du canton de Vaud / cpar Segundo Sabio del Valle, pour obtenir le diplóme de licencié de théologie. aLausanne : b[s.n.], c1879 (fImprimerie Georges Bridel) a113 p. ; c22 cm. 7aTeología2embne aES-MaACLjT-545-F-3 z-- Enc. hol. conservando la cub. original z-- Dedic. ms. del autor al Ateneo de Madrid z-- Enc. en un vol. facticio